000 00431nam a22001457a 4500
008 220610b |||||||| |||| 00| 0 eng d
020 _a9789949777716
082 _a398.22 RAC 2018
245 _aTlou Rachaanad : epic of the Uipo (Khoibu)
260 _aEstonia :
_bUniversity of Tartu Press,
_c2018.
300 _a143 p.
_c22 cm.
650 _atragedy, heroic acts, rituals and clans
700 _aKhaling, Tolheishel
942 _2ddc
999 _c9011
_d9012